Always Remember Us This Way - Lady Gaga - All Lyrics - Statistics

General Stats
  • This quiz has been taken 190 times
  • The average score is 188 of 225
Answer Stats
Answer % Correct
a
100%
I
100%
hmm
96%
hoo
96%
Hoo, hoo,
96%
hoo, hoo,
96%
hoo, hoo
96%
Oh
96%
Ooh,
96%
ooh,
96%
Oooh,
96%
oooh,
96%
the
96%
The
96%
always
95%
this
95%
You
95%
you
95%
remember
94%
us
94%
way
94%
way,
94%
in
93%
and
92%
when
92%
When
92%
go
91%
we
89%
We
89%
I’ll
88%
me
88%
babe,
87%
baby,
87%
it
87%
can't
86%
down
86%
find
86%
So
86%
sun
85%
That
85%
that
85%
your
85%
Every
84%
goes
84%
time
84%
on
83%
won't
82%
all
81%
at
81%
look
81%
up
81%
wanna
81%
hurts
80%
say
80%
eyes
79%
play
79%
words
79%
band
78%
California
78%
don't
78%
goodbye,
78%
my
78%
sky,
78%
I'm
77%
It’s
77%
to
75%
fire
74%
know
74%
know,
74%
soul,
74%
but
71%
But
71%
catch
71%
couldn’t
71%
burnin'
70%
found
69%
will
69%
yeah
69%
Arizona
68%
choked
68%
gold
67%
light
67%
like
67%
night
67%
of
67%
try
67%
where
67%
how
66%
just
66%
never
64%
be
62%
die
62%
you’re
61%
part
60%
Lovers
59%
really
59%
world
58%
damn,
57%
that's
56%
memory,
50%
buried
49%
whole
49%
tryna
47%
write
46%
rhyme,
44%
fades
41%
Poets
41%
No matching quizzes found
Score Distribution
Percent of People with Each Score
Percentile by Number Answered
Your Score History
You have not taken this quiz